|
|
|
|
| LEADER |
01057nam a22002417a 4500 |
| 001 |
42255 |
| 003 |
BD-DhAAL |
| 008 |
240211t2012 bg ||||| |||| 00| 0 ben d |
| 020 |
|
|
|a 9847013801436
|
| 040 |
|
|
|a BD-DhAAL
|c BD-DhAAL
|
| 041 |
|
|
|a ben
|
| 082 |
|
|
|a 954.14
|2 23
|
| 100 |
|
|
|a চৌধুরী, সিরাজুল ইসলাম.
|
| 245 |
|
|
|a ছাত্রভঙ্গের পূর্বাপর /
|c সিরাজুল ইসলাম চৌধুরী.
|
| 264 |
|
|
|a ঢাকা :
|b বিদ্যাপ্রকাশ,
|c ২০১২.
|
| 300 |
|
|
|a ২৮৬ পৃষ্ঠা ;
|c ২২ সে.মি.
|
| 541 |
|
|
|a Donated by Rebecca Dipa Khan
|e 42255
|
| 651 |
|
|
|a Bengal (India)
|x History
|y Partition, 1947.
|
| 651 |
|
|
|a Bengal (India)
|x History.
|
| 852 |
|
|
|a Ayesha Abed Library
|c General Stacks
|
| 942 |
|
|
|2 ddc
|c BK
|
| 999 |
|
|
|c 46393
|d 46393
|
| 952 |
|
|
|0 0
|1 0
|2 ddc
|4 0
|6 954_140000000000000_CHO
|7 0
|9 75125
|a BRACUL
|b BRACUL
|c GEN
|d 2024-02-11
|e Donated By Rebecca Dipa Khan
|g 350.00
|l 1
|o 954.14 CHO
|p 3010042255
|r 2025-10-14
|s 2025-09-22
|t 1
|w 2024-02-11
|y BK
|